Строительные материалы из промышленных отходов: учебное пособие для строительных вузов

Chi tiết về thư mục
Tác giả chính: Дворкин Л. И. Леонид Иосифович
Tác giả khác: Пашков И. А. Игорь Александрович
Ngôn ngữ:Tiếng Nga
Được phát hành: Киев, Вища школа, 1980
Những chủ đề:
Định dạng: Sách
KOHA link:https://koha.lib.tpu.ru/cgi-bin/koha/opac-detail.pl?biblionumber=90390

MARC

LEADER 00000nam0a2200000 4500
001 90390
005 20231031103455.0
020 |a RU  |b 80-27483 
035 |a (RuTPU)RU\TPU\book\96930 
090 |a 90390 
100 |a 20060208d1980 k a0rusy5003 ca 
101 0 |a rus 
102 |a UA 
105 |a a j 001zy 
200 1 |a Строительные материалы из промышленных отходов  |e учебное пособие для строительных вузов  |f Л. И. Дворкин, И. А. Пашков 
210 |a Киев  |c Вища школа  |d 1980 
215 |a 144 с.  |c ил.  |d 22 см. 
610 1 |a строительные материалы 
610 1 |a промышленные отходы 
610 1 |a учебные пособия 
610 1 |a использование 
610 1 |a применение 
610 1 |a утилизация 
675 |a 691.33(075.8)  |z rus 
700 1 |a Дворкин  |b Л. И.  |g Леонид Иосифович  |4 070 
701 1 |a Пашков  |b И. А.  |g Игорь Александрович  |4 070 
801 0 |a RU  |b RuMRKP  |c 19950704  |g psbo 
801 1 |a RU  |b 63413507  |c 20060208  |g PSBO 
801 2 |a RU  |b 63413507  |c 20091111  |g PSBO 
900 |a Технология основных производств, утилизации и переработки отходов 
942 |c BK